Statistiques concernant Pays d'Amérique centrale avec une carte - 15 secondes de sprint

Cliquez ici pour prendre le quiz!

Statistiques générales

  • Ce quiz a été pris 625 fois
  • Le résultat moyen est 5 sur 7

Réponses sur la Carte

Les réponses sont colorées sur une échelle allant du rouge au vert en fonction du pourcentage des utilisateurs qui les ont devinées à leur premier essai. Vous pouvez retrouver ces pourcentages ci-dessous.
 

Statistiques - réponses

pays% Correct
Panama
79%
Guatemala
67%
Honduras
66%
Costa Rica
63%
Nicaragua
62%
Belize
59%
Salvador
59%

Distribution des résultats

Percentile par nombre de réponses

% des personnes avec chaque résultat

Votre développement - résultats

Vous n’avez pas pris ce quiz